Vypracovanie a aktualizácia plánov kádrového zabezpečenia v štátnom podniku Stavebné závody Bratislava pre roky 8. a 9. päťročnice záverečná práca postgraduálneho štúdia

Gespeichert in:
Bibliographische Detailangaben
1. Verfasser: Kočíšková, Katarína
Körperschaft: Vysoká škola ekonomická v Bratislave
Weitere Verfasser: Bukera, Emil
Format: Buch
Sprache:Slowakisch
Veröffentlicht: Bratislava 1988
Tags: Tag hinzufügen
Keine Tags, Fügen Sie das erste Tag hinzu!

MARC

LEADER 00000nam a2200000 4500
001 c040994
005 20221219092619.5
041 0 |a slo 
044 |a SK 
245 1 0 |a Vypracovanie a aktualizácia plánov kádrového zabezpečenia v štátnom podniku Stavebné závody Bratislava pre roky 8. a 9. päťročnice  |b záverečná práca postgraduálneho štúdia  |c Katarína Kočíšková ; ved. práce Emil Bukera 
264 1 |a Bratislava  |c 1988 
300 |a 52 s. 
100 1 |a Kočíšková, Katarína 
700 1 |a Bukera, Emil 
710 2 |a Vysoká škola ekonomická v Bratislave